000 00645nam a2200205 i 4500
001 77038
003 ES-MaACL
005 20230906173055.0
007 t|
008 041006s1933 fr ||||1| fre d
100 1 _aGuyot, Edouard.
_961275
245 1 0 _aJohn Galsworthy.
_n1,
_pLe romancier / Edouard Guyot.
260 _aParis :
_bH. Didier,
_c1933 (
_eToulouse :
_fEd. Privat)
300 _aXIX, 232 p. :
_b1 retr. ;
_c19 cm.
490 1 _aLes grands écrivains étrangers
600 1 4 _aGalsworthy, John (
_d1867-1933)
_953675
830 0 _aLes grands écrivains étrangers
_9186935
852 _aES-MaACL
_jA-2079
999 _c77038
_d77038